Introduction to accounting / (Record no. 39888)

MARC details
000 -LEADER
fixed length control field 00661nam a22002057a 4500
005 - DATE AND TIME OF LATEST TRANSACTION
control field 20100806154426.0
010 ## - LCCN (DPL NO)
LC control number ENG-98598
020 ## - INTERNATIONAL STANDARD BOOK NUMBER
International Standard Book Number 9788189840303
Terms of availability 100.00
035 ## - SYSTEM CONTROL NUMBER
System control number EN-82131
037 ## - SOURCE OF ACQUISITION
Source of stock number/acquisition DBAD/PUB
082 ## - DEWEY DECIMAL CLASSIFICATION NUMBER
Classification number 657
100 ## - MAIN ENTRY--PERSONAL NAME
Personal name Nallusamy, M.
245 ## - TITLE STATEMENT
Title Introduction to accounting /
Statement of responsibility, etc by M. Nallusamy
260 ## - PUBLICATION, DISTRIBUTION, ETC. (IMPRINT)
Place of publication, distribution, etc Edode
Name of publisher, distributor, etc Pallavi Pathippagam
Date of publication, distribution, etc 2008
270 ## - ADDRESS
Address 94, Kanna Complex IInd Floor Mettur Road
City Erode
300 ## - PHYSICAL DESCRIPTION
Extent 159p.
Dimensions 21cm (pbk)
650 ## - SUBJECT ADDED ENTRY--TOPICAL TERM
Topical term or geographic name as entry element Accounting
942 ## - ADDED ENTRY ELEMENTS (KOHA)
Source of classification or shelving scheme Dewey Decimal Classification
Item type English Books
Classification part 657
Call number suffix NAL
Holdings
Withdrawn status Lost status Not for loan Collection code Home library Current library Date acquired Source of acquisition Cost, normal purchase price Full call number Barcode Copy number Cost, replacement price Koha item type
    Not For Loan Non-fiction D.B.Act.Division D.B.Act.Division 06/08/2010 DBAD/PUB 100.00 657 NAL EN-82131 1 100.00 English Books

© Delhi Public Library
Hit Counter
free hit counter